Statistics for Countries ranked by % of Muslims

Click here to take the quiz!

General Stats

  • This quiz has been taken 36 times
  • The average score is 13 of 20

Answer Stats

PercentageTotal Pop.Answer% Correct
9944,178,884Algeria
91%
99.483,000,000Iran
89%
976,754,000Libya
86%
9936,738,229Morocco
86%
99.737,135,000Afghanistan
83%
99.94,161,925Mauritania
83%
98.321,446,883Niger
80%
97.811,446,330Tunisia
80%
97.227,036,779Yemen
80%
99.811,000,000Somalia
77%
97804,768Djibouti
69%
98.4374,775Maldives
66%
97.210,458,413Jordan
63%
97.310,353,000Azerbaijan
54%
98.3821,164Comoros
54%
97.217,416,780Senegal
54%
97.99,540,000Tajikistan
54%
97.54,780,978Palestine
23%
99.4603,253Western Sahara
9%
97256,518Mayotte
0%

Score Distribution

Percentile by Number Answered

Percent of People with Each Score

Your Score History

You have not taken this quiz